| 000 | 00908nam a2200313Ia 4500 | ||
|---|---|---|---|
| 003 | OSt | ||
| 005 | 20221006144743.0 | ||
| 006 | a|||||r|||| 00| 0 | ||
| 007 | ta | ||
| 008 | 221006b |||||||| |||| 00| 0 eng d | ||
| 020 |
_a9780043701881 _cP9.95 |
||
| 024 | _a12,612 | ||
| 037 | _cTextual | ||
| 040 |
_aEASL _cEASL _beng |
||
| 041 |
_2eng _aeng |
||
| 082 | _aV41:191,(X).N89, M9 | ||
| 100 |
_aBUCKNALL Kevin B _9652769 |
||
| 245 | 0 | _aChina and the open door policy | |
| 260 |
_aSydney _bAlen & Unwin _c1989 |
||
| 300 |
_a242p. _ccm. |
||
| 490 | _v CEL | ||
| 650 | _a CEL | ||
| 650 |
_a China - Foreign economic relations _9649996 |
||
| 650 | _a China - Foreign relations | ||
| 650 |
_a Technology transfer - China _9470629 |
||
| 650 |
_aInvestments - Foreign - China _9649997 |
||
| 942 |
_hV41:191,(X).N89, M9 _cTEXL _2CC |
||
| 999 |
_c1080698 _d1080698 |
||